[Event "GRE-ch U12 Girls"]
[Site "Eretria"]
[Date "2011.06.29"]
[Round "7.5"]
[White "Douni, Maria"]
[Black "Pasoglou, Ekaterini"]
[Result "1/2-1/2"]
[WhiteElo "1493"]
[BlackElo "1488"]
[PlyCount "59"]
[EventDate "2011.06.25"]
[EventType "swiss"]
[EventRounds "9"]
[EventCountry "GRE"]
[SourceTitle "EXT 2024"]
[Source "ChessBase"]
[SourceDate "2023.10.10"]
[SourceVersion "1"]
[SourceVersionDate "2023.10.10"]
[SourceQuality "1"]

1. e4 c5 2. Nf3 Nc6 3. d4 cxd4 4. Nxd4 e5 5. Nb5 d6 6. Be2 Nf6 7. N5c3 Be7 8. 0-0 0-0 9. Be3 Be6 10. Nd2 d5 11. exd5 Nxd5 12. Nxd5 Bxd5 13. Nf3 Qd6 14. Qd2 Rad8 15. Rfd1 b6 16. c3 Qe6 17. Qc2 Bxa2 18. Rxd8 Rxd8 19. c4 Nb4 20. Qc3 f6 21. b3 Rc8 22. Nd2 Kh8 23. Qb2 Qf5 24. h3 Rd8 25. Nf3 Qe4 26. Nd2 Qf5 27. Nf3 Qe4 28. Nd2 Qf5 29. Nf3 Qe4 30. Nd2 1/2-1/2

[Event "GRE-ch U12 Girls"]
[Site "Eretria"]
[Date "2011.06.28"]
[Round "6.4"]
[White "Koutsoura, Georgia"]
[Black "Douni, Maria"]
[Result "1-0"]
[WhiteElo "1370"]
[BlackElo "1493"]
[PlyCount "87"]
[EventDate "2011.06.25"]
[EventType "swiss"]
[EventRounds "9"]
[EventCountry "GRE"]
[SourceTitle "EXT 2024"]
[Source "ChessBase"]
[SourceDate "2023.10.10"]
[SourceVersion "1"]
[SourceVersionDate "2023.10.10"]
[SourceQuality "1"]

1. d4 Nf6 2. Nf3 g6 3. c4 Bg7 4. Nc3 d5 5. Bf4 0-0 6. e3 b6 7. cxd5 Nxd5 8. Nxd5 Qxd5 9. Bxc7 Nc6 10. Bf4 Bb7 11. Be2 Rac8 12. a3 Nd8 13. 0-0 Ne6 14. Bg3 Ng5 15. Bh4 Bf6 16. Bxg5 Bxg5 17. Qd3 Bf6 18. Rac1 Qa2 19. Qb5 Be4 20. Nd2 Qe6 21. Bc4 Qc6 22. Bxf7+ Kxf7 23. Rxc6 Bxc6 24. Qb3+ Kg7 25. Qd3 Rfd8 26. Ne4 Rd5 27. Nc3 Rd7 28. Rd1 Rcd8 29. Qe2 e5 30. dxe5 Rxd1+ 31. Nxd1 Bxe5 32. Nc3 h6 33. h3 b5 34. Qc2 a5 35. f4 Bf6 36. Ne2 Ba8 37. Qc7+ Kg8 38. Qxa5 Bxb2 39. Qxd8+ Kg7 40. Qxa8 h5 41. Qb7+ Kh6 42. Qxb5 Bxa3 43. Qg5+ Kg7 44. Nd4 1-0

[Event "GRE-ch U12 Girls"]
[Site "Eretria"]
[Date "2011.06.27"]
[Round "4.3"]
[White "Kokkota, Eleni"]
[Black "Douni, Maria"]
[Result "0-1"]
[WhiteElo "1497"]
[BlackElo "1493"]
[PlyCount "52"]
[EventDate "2011.06.25"]
[EventType "swiss"]
[EventRounds "9"]
[EventCountry "GRE"]
[SourceTitle "EXT 2024"]
[Source "ChessBase"]
[SourceDate "2023.10.10"]
[SourceVersion "1"]
[SourceVersionDate "2023.10.10"]
[SourceQuality "1"]

1. e4 e5 2. Nf3 Nc6 3. d4 exd4 4. Nxd4 Bc5 5. Be3 Bb6 6. Be2 Nge7 7. 0-0 0-0 8. Nc3 d6 9. Bc4 Kh8 10. Nxc6 bxc6 11. Qe2 Bxe3 12. Qxe3 f5 13. Rfe1 f4 14. Qf3 Ng6 15. Bd3 Ne5 16. Qd1 f3 17. Bf1 fxg2 18. Bxg2 Qh4 19. f3 Bh3 20. Rf1 Rf6 21. f4 Bxg2 22. Kxg2 Rg6+ 23. Kh1 Ng4 24. Qe2 Rh6 25. Rac1 Nxh2 26. Qg2 Nf3+ 0-1